1098 1951 1541 1322 1328 1090 1809 1283 1607 1828 1327 1767 1440 1525 1712 1326 1445 1367 1679 1880 1949 1285 1038 1623 1064 1128 1175 1130 1028 1494 1559 1551 1096 1991 1608 1783 1840 1314 1637 1525 1389 1092 1550 1179 1880 1319 1492 1443 1789 1363 1303 1953 1213 1022 1205 1551 1202 1157 1868 1331 1008 1186 1520 1089 1062 1705 1599 1510 1925 1662 1080 1723 1857 1034 1216 1472 1015 1726 1287 1845 1268 1716 1206 1680 1757 1260 1555 1119 1864 1136 1519 1305 1266 1069 1847 1903 1463 1982 1843 BCNSPRNW ULIB Ver.6.0+V

เปลี่ยนเป็นภาษาไทย

Change to English
 แสดงรายละเอียดบรรณานุกรม
  กลับหน้าหลัก

Brief Record : Get Marc (ISO 2709) : E-mail record : QR code < ปิดหน้าต่าง
LEADER : 00000nam 2200000uu 4500
001    13399125690
003     ULIB
008    170716s2558||||th 000 0 tha d
020    ^a9786160429349
060  0 ^aQZ266^bส734ข
100 0  ^aสี่ว์, ต๋าฟู
245 00 ^aขอบคุณที่ยังไม่ตาย /^cสี่ว์, ต๋าฟู
260    ^aกรุงเทพฯ :^bอินสปายร์,^c2558
300    ^a328 หน้า ; ^c21 ซม.
650  0 ^aมะเร็ง--การรักษา^Xมะเร็ง--ผู้ป่วย--การดำเนินชีวิต
945    ^p295^l0^i25262
999    ^aกัณชพร จุลอักษร
รายการนี้ยังไม่มีแท็ก
คุณยังไม่ได้ล็อกอิน คุณสามารถมีกิจกรรมร่วมกับเว็บไซต์ได้ แต่ต้องล็อกอินก่อน ::
  ล็อกอิน

รายการสื่อสารสนเทศ

ลำดับที่ ประเภท เลขเรียก/บาร์โค้ด สถานที่ สถานะ
1. วิทยาศาสตร์การแพทย์ และสุขภาพ
วิทยาศาสตร์การแพทย์ และสุขภาพ
สถานะ=หนังสือเก่า
QZ266 ส734ข ฉ.1 
  Barcode: 25262
ห้องสมุดวิทยาเขตนครสวรรค์
►ส่วนจัดเก็บหนังสือเก่า นว.
บนชั้น
  ขอยืม

รายการใกล้เคียง
    ผู้แต่ง [สี่ว์, ต๋าฟู]

    หัวเรื่อง [มะเร็ง--การรักษา^Xมะเร็ง--ผู้ป่วย--การดำเนินชีวิต]

BibComment


ยังไม่เคยถูกคอมเมนท์

คอมเมนท์ทรัพยากรรายการนี้
  คอมเมนท์: ขอบคุณที่ยังไม่ต..


 Copyright 2026. Bcnsprnw @Library